000 01194cam a22003613a 4500
001 21301
003 PGUSA
005 20140828083444.0
008 070504s2007||||xxu|||||s|||||000 1 eng d
040 _aPGUSA
_beng
042 _adc
050 4 _aPZ
100 1 _aFenn, George Manville,
_d1831-1909
245 1 0 _aBunyip Land :
_bA Story of Adventure in New Guinea
_h[electronic resource] /
_cGeorge Manville Fenn
260 _bProject Gutenberg,
_c2007
506 _aPublic domain in the USA.
516 _aElectronic text
653 _aPhysicians -- Juvenile fiction
653 _aFriendship -- Juvenile fiction
653 _aAdventure and adventurers -- Juvenile fiction
653 _aBirds -- Juvenile fiction
653 _aRescues -- Juvenile fiction
653 _aSailing -- Juvenile fiction
653 _aHunting -- Juvenile fiction
653 _aShip captains -- Juvenile fiction
653 _aPapua -- Juvenile fiction
653 _aSick -- Juvenile fiction
653 _aVoyages and travels -- Juvenile fiction
700 1 _aBrowne, Gordon,
_d1858-1932
830 0 _aProject Gutenberg
_v21301
856 4 0 _uhttp://www.gutenberg.org/ebooks/21301
942 _cEB
999 _c250556
_d250556